Normal view
MARC view
- Sidra Farooq
Entry Personal Name
001 - CONTROL NUMBER
- control field: 70011
003 - CONTROL NUMBER IDENTIFIER
- control field: NUST
005 - DATE AND TIME OF LATEST TRANSACTION
- control field: 20210628204340.0
008 - FIXED-LENGTH DATA ELEMENTS
- fixed length control field: 210628|| aca||aabn | a|a d
040 ## - CATALOGING SOURCE
- Original cataloging agency: NUST
- Transcribing agency: NUST
100 ## - HEADING--PERSONAL NAME
- Personal name: Sidra Farooq
670 ## - SOURCE DATA FOUND
- Source citation: Work cat.: (NUST): Sidra Farooq , TH-SOF-1664-Automated Code Smell Detection using Metrics Based Approach, 2019
